Countries of Asia that Start with S - Statistics

General Stats
  • This quiz has been taken 47 times
  • The average score is 4 of 5
Answer Stats
Answer % Correct
Saudi Arabia
93%
Syria
93%
Sri Lanka
91%
Singapore
88%
South Korea
84%
No matching quizzes found
Score Distribution
Percent of People with Each Score
Percentile by Number Answered
Your Score History
You have not taken this quiz